Agustín de Betancourt como arquitecto y urbanista / (Record no. 182307)
[ view plain ]
| 000 -LEADER | |
|---|---|
| campo de control de longitud fija | 00657nam a2200193 i 4500 |
| 001 - NÚMERO DE CONTROL | |
| campo de control | 182307 |
| 003 - IDENTIFICADOR DE NÚMERO DE CONTROL | |
| campo de control | ES-MaACL |
| 005 - FECHA Y HORA DE LA ÚLTIMA TRANSACCIÓN | |
| campo de control | 20250918183816.0 |
| 008 - DATOS DE LONGITUD FIJA--INFORMACIÓN GENERAL | |
| campo de control de longitud fija | 130801s1986 sp |||| | spa d |
| 100 0# - ENTRADA PRINCIPAL--NOMBRE DE PERSONA | |
| Nombre de persona | Bogoliubov, Aleksei. |
| 9 (RLIN) | 29808 |
| 245 10 - MENCIÓN DEL TÍTULO | |
| Título | Agustín de Betancourt como arquitecto y urbanista / |
| Mención de responsabilidad, etc. | Aleksei Bogoliubov, José A. García-Diego. |
| 260 ## - PUBLICACIÓN, DISTRIBUCIÓN, ETC. | |
| Lugar de publicación, distribución, etc. | [S.l. : |
| Nombre del editor, distribuidor, etc. | s.n., |
| Fecha de publicación, distribución, etc. | 1986] |
| 300 ## - DESCRIPCIÓN FÍSICA | |
| Extensión | P. [35]-54 : |
| Otras características físicas | il. ; |
| Dimensiones | 21 cm. |
| 595 ## - | |
| -- | Separata de: Llull, vol. 9, 1986, 35-54. |
| 600 17 - PUNTO DE ACCESO ADICIONAL DE MATERIA--NOMBRE DE PERSONA | |
| Nombre de persona | Betancourt, Agustín de, |
| Fechas asociadas al nombre | 1758-1824 |
| Fuente del encabezamiento o término | |
| 9 (RLIN) | 152180 |
| 700 0# - ENTRADA AGREGADA--NOMBRE PERSONAL | |
| Nombre de persona | García-Diego, José A. |
| 9 (RLIN) | 54541 |
| 852 ## - LOCALIZACIÓN | |
| Ubicación | ES-MaACL |
| Número de control de estantería | 2317-F-9 |
| Estatus retirado | Estado de pérdida | Estado de daño | No para préstamo | Colección | Biblioteca de origen | Biblioteca actual | Ubicación en estantería | Fecha de adquisición | Fuente de adquisición | Total de préstamos | Signatura topográfica completa | Código de barras | Visto por última vez | Precio de reemplazo | Tipo de ítem Koha |
|---|---|---|---|---|---|---|---|---|---|---|---|---|---|---|---|
| Colección de folletos | Biblioteca del Ateneo de Madrid | Biblioteca del Ateneo de Madrid | Depósito folletos | 01/08/2013 | 2317-F-9 | 1191583 | 23/02/2023 | 23/02/2023 | Folleto |
